MARC

LEADER 00000nam0a2200000 4500
001 295054
005 20231102000753.0
020 |a RU  |b 84-29982 
035 |a (RuTPU)RU\TPU\book\320130 
090 |a 295054 
100 |a 20150520d1984 k y0rusy5003 ca 
101 0 |a rus 
102 |a RU 
105 |a a z 001zy 
200 1 |a Экспериментальные и теоретические исследования плазмохимических процессов  |e [сборник трудов]  |f Академия наук СССР (АН СССР), Институт нефтехимического синтеза им. А. В. Топчиева (ИНХС) 
210 |a Москва  |c Наука  |d 1984 
215 |a 193 с.  |c ил. 
320 |a Библиография в конце статей 
606 1 |a Плазма  |x Химия  |2 stltpush  |3 (RuTPU)RU\TPU\subj\48916  |9 67733 
610 1 |a тетраэтоксисилан 
610 1 |a пиролиз 
610 1 |a низкотемпературная плазма 
610 1 |a турбулентные потоки 
610 1 |a метан 
610 1 |a инертные газы 
610 1 |a смеси 
610 1 |a атомы водорода 
610 1 |a концентрация 
610 1 |a определение 
610 1 |a оптические методы 
610 1 |a тлеющий разряд 
610 1 |a СВЧ-плазма 
610 1 |a применение 
610 1 |a органические соединения 
675 |a 544.55  |z rus  |v 4 
712 0 2 |a Академия наук СССР (АН СССР)  |b Институт нефтехимического синтеза им. А. В. Топчиева (ИНХС)  |c (Москва)  |c (1958-1991)  |2 stltpush  |3 (RuTPU)RU\TPU\col\12241 
801 0 |a RU  |b RuMRKP  |c 19950704  |g psbo 
801 1 |a RU  |b 63413507  |c 20150520 
801 2 |a RU  |b 63413507  |c 20181127  |g RCR 
942 |c BK